000 00607nam a2200205Ia 4500
003 GCL
008 140319s9999 xx 000 0 eng d
040 _aGCL /
_cGCL
082 0 4 _a401.9
_bR A
100 1 _aROSENBERG, SHEIDON
245 1 0 _aADVANCES IN APPLIED PSYCHOLINGUISTICS: READING WRITING AND LANGUAGE LEARNING, VOLUME 2 /
_cROSENBERG, SHEIDON
260 _a[S.N] :
_bCAMBRIDGE UNIVERSITY PRESS ،
_c1987
300 _a326 P
650 0 4 _aLANGUAGE - ACQUISITION
650 0 4 _aREADING
650 0 4 _aWRITING
650 0 4 _aPSYCHOLINGUISTICS
650 0 4 _aLANGUAGE - DISORDERS
942 _2ddc
_cBK
999 _c25228
_d25228